| 000 | 00666nam a2200253Ia 4500 | ||
|---|---|---|---|
| 001 | 33917 | ||
| 005 | 20240114001707.0 | ||
| 007 | ta | ||
| 008 | 070106s1950 g b000 u 465 u | ||
| 040 | _aCotton College,Assam | ||
| 041 | _a465 | ||
| 082 |
_a491.2 _bR 137 P |
||
| 100 | _aGupta, Rakesh . | ||
| 245 | 0 |
_aPsychological Studies in Rasa / _cRakesh Gupta. _hTextual Documents |
|
| 250 | _a1st ed. / | ||
| 260 |
_aAligarh : _bLakshmi Narayan Agarwala , _c1950. |
||
| 300 |
_a179p. ; _c22cm. |
||
| 653 | _aRasa-Psychological Studies | ||
| 653 | _aG-Languages | ||
| 942 |
_2ddc _cBK |
||
| 999 |
_c33899 _d33899 |
||